|
|
|
|
| LEADER |
00000nab a2200000 a 4500 |
| 001 |
vtls001030454 |
| 003 |
SK-MaSNL |
| 005 |
20260303035701.0 |
| 008 |
040720e20020919xo 0 slo |
| 035 |
|
|
|a SL9008
|
| 040 |
|
|
|a SLLK
|b slo
|c SLLK
|e AACR2
|
| 041 |
0 |
|
|a slo
|
| 044 |
|
|
|a xo
|c SK
|
| 080 |
|
|
|a 796.89
|2 1981
|
| 100 |
1 |
|
|a Hudeček, Richard
|4 aut
|9 1022422
|
| 245 |
1 |
0 |
|a Grand Prix kondičných kulturistov v Starej Ľubovni
|
| 611 |
1 |
7 |
|a Grand Prix kondičných kulturistov (Slovensko)
|2 SLLK
|9 1022776
|
| 650 |
0 |
7 |
|a kondičná kulturistika
|2 SLLK
|9 87967
|
| 650 |
0 |
7 |
|a výsledky
|2 SLLK
|9 493505
|
| 651 |
|
7 |
|a Stará Ľubovňa (Slovensko)
|2 SLLK
|9 19193
|
| 651 |
|
7 |
|a SL,
|2 SLLK
|9 1022390
|
| 655 |
|
7 |
|a periodikum
|2 snkbucl
|9 29553
|
| 773 |
0 |
8 |
|t Tatranský denník
|g Roč. 4, č.218, 19.9.2002
|
| 773 |
0 |
8 |
|i Príl.:
|t Šport. - S. 4
|
| 852 |
|
|
|a ZVYKNI
|b KIS3GCP
|
| 999 |
|
|
|c 1678490
|d 1680420
|